[Event "Andalucia-chT Honor final"]
[Site "Marbella"]
[Date "2018.12.01"]
[Round "3.15"]
[White "Crespo Ruiz, Manuel"]
[Black "Diaz Mino, Pablo"]
[Result "1-0"]
[WhiteElo "2026"]
[BlackElo "1979"]
[PlyCount "191"]
[EventDate "2018.12.01"]
[EventType "team-k.o."]
[EventRounds "3"]
[EventCountry "ESP"]
[SourceTitle "CBM 189 Extra"]
[Source "ChessBase"]
[SourceDate "2019.06.03"]
[SourceVersion "1"]
[SourceVersionDate "2019.06.03"]
[SourceQuality "1"]
[WhiteTeam "Nazari"]
[BlackTeam "Reina Cristina Algeciras"]
[WhiteTeamCountry "ESP"]
[BlackTeamCountry "ESP"]

1. d4 Nf6 2. Nf3 g6 3. Bg5 Bg7 4. Nbd2 d5 5. e3 0-0 6. Be2 c5 7. 0-0 Nbd7 8. h3 b6 9. c3 Bb7 10. Re1 Re8 11. a4 e5 12. dxe5 Nxe5 13. a5 Nxf3+ 14. Bxf3 h6 15. Bh4 g5 16. Bg3 Qe7 17. axb6 axb6 18. Qb3 Qe6 19. Bc7 Nd7 20. Rad1 Rac8 21. Bg3 c4 22. Qc2 f5 23. Bh5 Rf8 24. Nf3 Qf6 25. Nd4 Ra8 26. Ra1 Nc5 27. Rxa8 Bxa8 28. Bf3 Qf7 29. Bd6 Nd3 30. Ra1 Rd8 31. Bh2 f4 32. Kh1 Kh8 33. b3 Ne5 34. exf4 gxf4 35. bxc4 Nxf3 36. Nxf3 dxc4 37. Nh4 Kg8 38. Ng6 f3 39. g4 Re8 40. Nh4 Be4 41. Qd2 Qf6 42. Ra7 Rd8 43. Rd7 Re8 44. Bg3 Qxc3 45. Qd6 Qf6 46. Qc7 c3 47. Nf5 Bxf5 48. gxf5 Kh8 49. Rf7 c2 50. Rxf6 Re1+ 51. Kh2 c1Q 52. Qxc1 Rxc1 53. Rxb6 Kg8 54. Rb3 Kf7 55. Rxf3 Bf6 56. Bf4 Rc4 57. Bxh6 Be5+ 58. Kg2 Kf6 59. Be3 Ra4 60. Bb6 Rf4 61. Rxf4 Bxf4 62. Kf3 Kxf5 63. Be3 Be5 64. h4 Ba1 65. Bg5 Bd4 66. Be3 Bf6 67. Kg3 Be5+ 68. Kh3 Ba1 69. Bg5 Bh8 70. Kg3 Be5+ 71. Kf3 Ba1 72. Ke3 Bb2 73. Ke2 Ba1 74. f3 Bd4 75. Kd3 Bf2 76. Ke2 Bd4 77. Be3 Ba1 78. h5 Be5 79. Kd3 Bd6 80. Kd4 Ba3 81. Kd5 Bf8 82. Bd2 Bg7 83. Kd6 Bf8+ 84. Kd7 Kf6 85. Ke8 Bd6 86. Bh6 Bc5 87. Bf8 Be3 88. h6 Kg6 89. Kd7 Kf7 90. Bg7 Bf4 91. Kc6 Be3 92. Kd5 Bc1 93. Ke4 Ba3 94. Kf5 Bc1 95. f4 Ba3 96. Be5 1-0

[Event "Andalucia-chT Honor Occidental"]
[Site "Andalucia"]
[Date "2018.10.21"]
[Round "4.4"]
[White "Gallardo Fernandez, Cesar"]
[Black "Diaz Mino, Pablo"]
[Result "0-1"]
[WhiteElo "2198"]
[BlackElo "1979"]
[PlyCount "84"]
[EventDate "2018.09.30"]
[EventType "team-tourn"]
[EventRounds "7"]
[EventCountry "ESP"]
[SourceTitle "EXT 2020"]
[Source "ChessBase"]
[SourceDate "2019.10.17"]
[SourceVersion "1"]
[SourceVersionDate "2019.10.17"]
[SourceQuality "1"]
[WhiteTeam "Oromana CEN Solutions"]
[BlackTeam "Reina Cristina Algeciras"]
[WhiteTeamCountry "ESP"]
[BlackTeamCountry "ESP"]

1. e4 e5 2. Nf3 Nc6 3. c3 Nf6 4. d3 d5 5. Nbd2 a5 6. b3 Bc5 7. Be2 0-0 8. 0-0 Qe7 9. a3 Rd8 10. Qc2 dxe4 11. dxe4 Bg4 12. Nc4 b5 13. Ne3 Bxf3 14. Bxf3 Rab8 15. b4 Bb6 16. Nf5 Qe6 17. Bg5 Ne7 18. Nxe7+ Qxe7 19. Rfd1 h6 20. Bh4 g5 21. Bg3 c6 22. a4 axb4 23. cxb4 Bd4 24. Rab1 bxa4 25. Qxa4 g4 26. Be2 Nxe4 27. Qxc6 Nc3 28. Bxg4 Nxb1 29. Rxb1 Rxb4 30. Rf1 Rb6 31. Qe4 Rdb8 32. Be2 Rb4 33. Qf5 Qe6 34. Qh5 Rb1 35. h3 Rxf1+ 36. Bxf1 Rb1 37. Qe2 Qf5 38. Kh2 Rb2 39. Qa6 Bxf2 40. Bxf2 Rxf2 41. Bd3 Qf4+ 42. Kg1 Rd2 0-1